| 000 | 01898nam a2200373 a 4500 | ||
|---|---|---|---|
| 001 | 00159 | ||
| 003 | DO-SdBNP | ||
| 005 | 20180313160044.0 | ||
| 007 | 00159 | ||
| 008 | 091118s2001 dr 2001 000 0 spa d | ||
| 020 | _a8482613383 | ||
| 040 |
_aBPMSU _bspa _cBPMSU |
||
| 092 |
_a373.7 _bM425u 1ro. 2001 |
||
| 245 | 0 | 0 |
_aMatemáticas 1 : _b[educación media] / _cOrelvis Félix...[et al.]; editor Andrés Molina Maloon; ilustraciones Ruddy Núñez |
| 260 |
_aSanto Domingo, : _bSantillana, _c2001. |
||
| 300 |
_a279 p. : _bil. _c29 cm. |
||
| 505 | 0 |
_tUnidad 1.: Lógica simbólica -- _tUnidad 2 .: Teoría de conjuntos -- _tUnidad 3.: Operaciones conjuntistas -- _tUnidad 4 .: Introducción al álgebra -- _tUnidad 5.: Operaciones algebraicas -- _tUnidad 6.: Factorización de polinomios -- _tUnidad 7.: Ecuaciones de primer grado -- _tUnidad 8.: Ecuaciones -- _tUnidad 9.: Intervalos -- _tUnidad 10 .: Fracciones algebraicas -- _tUnidad 11. : Los números complejos-- _tUnidad 12.: La ecuaciones cuadrática -- |
|
| 505 | 0 |
_tUnidad 13.: Proporcionalidad y semejanza -- _tUnidad 14.: Ángulos. Medidas angulares -- _tUnidad 15.: Geometría del espacio -- _tUnidad 16.: Estadística y probabilidades |
|
| 650 |
_aMATEMÁTICAS _xENSEÑANZA SECUNDARIA |
||
| 650 | 4 |
_aEDUCACIÓN SECUNDARIA _zREPÚBLICA DOMINICANA |
|
| 650 | 4 |
_aMATEMÁTICAS _xESTUDIOS Y EJERCICIOS |
|
| 650 | 4 |
_aMATEMÁTICAS _xLIBROS DE TEXTOS |
|
| 700 | 1 | _aFélix, Orelvis | |
| 700 | 1 |
_aMolina Maloon, Andrés, _eed. |
|
| 700 | 1 |
_aNúñez, Ruddy _eil. |
|
| 910 | _aValidado. Control de calidad MFF | ||
| 930 | 1 |
_lBND01 _mLF1 _820091118 _f01 _pHD _g7830 |
|
| 942 |
_2ddc _cBK |
||
| 945 | _aInventariado, 2018/ YL | ||
| 956 |
_aDGARCIA _b10 _c20150710 _lBND01 _h0749 |
||
| 956 |
_aYLOCKWARD _b10 _c20150710 _lBND01 _h1128 |
||
| 956 |
_aVMATEO _b10 _c20150727 _lBPMSU _h00151 |
||
| 956 |
_aBTAVÁREZ _b10 _c20160407 _lBPMSU _h00159 |
||
| 999 |
_c8024 _d8024 |
||